000 01492cam a22001934a 4500
005 20250605164338.0
008 250528s ||||||||||||||||||||||||d
035 _a23525
040 _aGR-AtMCL
_bgre
_dGR-AtMCL
_eAACR2
245 1 _aComputational Fluid Dynamic Based Study of Incompressible Flow Arround Airfoils Using Solidworks Flow Simulation./
260 _c2017
300 _a106
520 _aIntroduction, Introduction to Aerodynamics, Characteristics of Fluids, Density, Specidic Volume Weight, Shear Stress, Compressibility, Viscosity, Types and Characteristics of Flow, Steady and Un-Steay Flow, Uniform and Non-Uniform Flow, Rotational and Irrotational Flow, Laminar and Turbulent Flow, Compressible and Incompressible Flow, Applyimg Forces on an Airfoil, Lift Force, Drag Force, Pitching Moment, NACA Airfoils and their Geometrical Characteristics, 4Digital Airfoils, Computational Fluid Dynamics (CFD), Airfoil Design Simulation, Project Creation at Solidworks Flow Simulation, Step 1 Wizard - Project Name, Unit System, Analysis Type, Default Fluid, Wall Conditions, Initial and Ambient Conditions, Results and Geometry Resolution, Input Data Modification, Methodology Flow Chart, Lift Coefficient - Angle of Attack, Drag Coefficient, Pitching Moment Coefficient, Error Calculation of Lift Coefficient, Conclusion, References, Appendix.
700 1 _aAntonakou Iliana
_99097
700 1 _aSiasos Alexandros
_99098
942 _cDS
999 _c8526
_d8526